La filiación, entre biología y derecho(s) : (Registro nro. 5856)
[ vista simple ]
| 000 -LEADER | |
|---|---|
| fixed length control field | 01123nab a22002177a 4500 |
| 003 - CONTROL NUMBER IDENTIFIER | |
| control field | OSt |
| 005 - DATE AND TIME OF LATEST TRANSACTION | |
| control field | 20260108222046.0 |
| 008 - FIXED-LENGTH DATA ELEMENTS--GENERAL INFORMATION | |
| fixed length control field | 190514b xxu||||| |||| 00| 0 spa d |
| 040 ## - CATALOGING SOURCE | |
| Transcribing agency | PJ |
| 100 ## - MAIN ENTRY--PERSONAL NAME | |
| 9 (RLIN) | 4374 |
| Personal name | Cataldi, Myriam M. |
| 245 13 - TITLE STATEMENT | |
| Title | La filiación, entre biología y derecho(s) : |
| Remainder of title | balance, consolidación y desafíos en la filiación biológica / |
| Statement of responsibility, etc | Myriam M. Cataldi, María Gabriela Vero. |
| 300 ## - PHYSICAL DESCRIPTION | |
| Extent | p. 147-165 |
| 505 ## - FORMATTED CONTENTS NOTE | |
| Formatted contents note | Sumario: I. Introducción.— II. El derecho civil argentino y la regla del doble vínculo filial. Pasando revista.— III. El apego a lo genético como fuente constituidora de vínculos filiales “verdaderos” y la puesta en jaque al principio de doble vínculo filial.— IV. Palabras de cierre. |
| 505 ## - FORMATTED CONTENTS NOTE | |
| Title | Si te interesa el texto, comunicate a koha@justierradelfuego.gov.ar |
| 650 #0 - SUBJECT ADDED ENTRY--TOPICAL TERM | |
| 9 (RLIN) | 1497 |
| Topical term or geographic name as entry element | CODIGO CIVIL Y COMERCIAL |
| 650 #0 - SUBJECT ADDED ENTRY--TOPICAL TERM | |
| 9 (RLIN) | 967 |
| Topical term or geographic name as entry element | DERECHO DE FAMILIA |
| 650 #0 - SUBJECT ADDED ENTRY--TOPICAL TERM | |
| 9 (RLIN) | 1004 |
| Topical term or geographic name as entry element | FILIACION |
| 700 ## - ADDED ENTRY--PERSONAL NAME | |
| 9 (RLIN) | 6745 |
| Personal name | Vero, María Gabriela |
| Función | coautor |
| 773 0# - HOST ITEM ENTRY | |
| Host Biblionumber | 2844 |
| Host Itemnumber | 3222 |
| Place, publisher, and date of publication | Buenos Aires : AbeledoPerrot, 1989- |
| Title | Derecho de familia. N° 120 - Julio 2025 |
| International Standard Book Number | 18511201 |
| 942 ## - ADDED ENTRY ELEMENTS (KOHA) | |
| Source of classification or shelving scheme | |
| Koha item type | Analítica Artículo de Revista |
No hay ítems disponibles.
